00368nam a2200109Ia 45000010005000000080041000050200022000460820020000681000028000882450082001162600060001984031241024s9999 xx 000 0 und d a978-9945-415-60-5 aRD/863.5/AR675r aedit. Carrasco, Rafaela 0aDe Arcoiris y más. Cuentos e ilustraciones de niños y niñas dominicanos bPontificia Universidad Católica Madre y Maestrac2015